000 00323nam a22001457a 4500
008 210531b ||||| |||| 00| 0 eng d
020 _a2740351396138
041 _aeng
080 _23rd
_a159.9
082 _a159.9
100 _a48
101 _aPSI
245 _aCulture and Psychology
_cMatsumoto,D
942 _2udc
_cBK
999 _c57849
_d57849